| 000 | 00620nam a2200193 i 4500 | ||
|---|---|---|---|
| 001 | 32596 | ||
| 003 | ES-MaACL | ||
| 005 | 20230906154611.0 | ||
| 007 | t| | ||
| 008 | 030131s1979 sp ||||1| spa d | ||
| 100 | 1 |
_aBernal, Antonio Miguel. _928174 |
|
| 245 | 1 | 3 |
_aLa lucha por la tierra, en la crisis del Antiguo Régimen / _cAntonio Miguel Bernal. |
| 260 |
_a[Madrid] : _bTaurus, _c[1979] |
||
| 300 |
_a489 p. : _b1 map. pleg. ; _c21 cm. |
||
| 490 | 1 |
_aBiblioteca política Taurus ; _v42 |
|
| 830 | 0 |
_aBiblioteca política Taurus ; _v42 _9176515 |
|
| 852 |
_aES-MaACL _jA-9749 _bR.99135 |
||
| 999 |
_c32596 _d32596 |
||